Ciudades de la Región Pokémon de Hoenn en el Mapa - Estadísticas

Estadísticas generales
  • Esta prueba ha sido intentada 467 veces
    464 desde el último reinicio
  • La puntuación promedio es 11 de 16
Respuestas en el mapa
Las respuestas están codificadas por una escala verde-roja en el mapa de la prueba según el % correcto abajo.
 
Estadísticas de respuestas
Respuesta % Correcto
Villa Raíz
84%
Arrecípolis
81%
Ciudad Portual
79%
Ciudad Malvalona
78%
Pueblo Lavacalda
73%
Ciudad Férrica
72%
Ciudad Arborada
71%
Pueblo Oromar
71%
Ciudad Colosalia
66%
Pueblo Azuliza
65%
Ciudad Petalia
63%
Ciudad Calagua
59%
Ciudad Algaria
58%
Pueblo Escaso
58%
Pueblo Pardal
51%
Pueblo Verdegal
51%
No se encontraron pruebas coincidentes
Distribución de puntuación
Porcentaje de gente con cada puntuación
Porcentaje por número respondido
Historial de tus puntuaciones
No has intentado esta prueba desde el último reinicio